[Event "Marianske Lazne op"]
[Site "Marianske Lazne"]
[Date "2007.01.24"]
[Round "6"]
[White "Golinski, Damian"]
[Black "Sott, Vaclav"]
[Result "1-0"]
[WhiteElo "1811"]
[BlackElo "2008"]
[PlyCount "89"]
[EventDate "2007.01.20"]
[EventType "swiss"]
[EventRounds "9"]
[EventCountry "CZE"]
[SourceTitle "EXT 2008"]
[Source "ChessBase"]
[SourceDate "2007.11.25"]
[SourceVersion "1"]
[SourceVersionDate "2007.11.25"]
[SourceQuality "1"]

1. e4 Nf6 2. e5 Nd5 3. c4 Nb6 4. c5 Nd5 5. Nc3 e6 6. Nxd5 exd5 7. b4 d6 8. d4 dxc5 9. dxc5 b6 10. Be3 c6 11. Qc2 d4 12. Rd1 bxc5 13. Nf3 Qb6 14. bxc5 Bxc5 15. Bxd4 Bb4+ 16. Bc3 Qa5 17. Bxb4 Qxb4+ 18. Qd2 a5 19. Be2 Be6 20. 0-0 Qxd2 21. Rxd2 Bd5 22. Nd4 0-0 23. Nb5 cxb5 24. Rxd5 b4 25. Rc1 Ra7 26. Rcc5 a4 27. Rb5 Nc6 28. Rd6 b3 29. Rxc6 bxa2 30. Rc1 Rd8 31. Ra1 Rad7 32. Rxa2 Rd1+ 33. Bf1 g6 34. g3 Re1 35. Kg2 Rdd1 36. Bc4 Ra1 37. Ra5 Rec1 38. R2xa4 Rab1 39. Ra7 Rb2 40. Bxf7+ Kf8 41. e6 g5 42. Re4 Rcc2 43. e7+ Kg7 44. e8Q Rxf2+ 45. Kh3 1-0